Návrh opatrení na zefektívnenie systému hodnotenia zamestnancov vo vybranom podniku

Uložené v:
Podrobná bibliografia
Hlavný autor: Kružliaková, Viera, 1986- (Autor)
Ďalší autori: Szabó, Peter, 1983- (Vedúci práce)
Médium: Rukopis Kniha
Jazyk:Slovak
Vydavateľské údaje: Trnava : STU v Bratislave MTF UPMK, 2012
Predmet:
On-line prístup:VAIS
Tagy: Pridať tag
Žiadne tagy, Buďte prvý, kto otaguje tento záznam!

MARC

LEADER 00000ntm a22000003a 4500
001 stu251454
005 20150617230200.9
008 120719s2012----xo------------------slo-d
040 |a STU  |b slo 
041 0 |a slo 
044 |a xo 
100 1 |a Kružliaková, Viera,  |d 1986-  |4 aut  |u M  |T MTF Materiálovotechnologická fakulta  |X 69276  |U M  |Y 60  |7 A000069276 
242 0 0 |a The proposal of measures for an efficient evaluation system of the employees in selected company  |y eng 
245 1 |a Návrh opatrení na zefektívnenie systému hodnotenia zamestnancov vo vybranom podniku 
260 |a Trnava :  |b STU v Bratislave MTF UPMK,  |c 2012 
300 |a 70s  |c CD ROM 
650 7 |a personálna práca v priemyselnom podniku  |2 stusub 
650 7 |a Personnel Policy in Industrial Plant  |2 estusub 
700 1 |a Szabó, Peter,  |d 1983-  |4 ths  |u M8700  |U MTF Materiálovotechnologická fakulta  |T MTF Výučbové stredisko Komárno  |X 19244  |U M8700  |Y 254  |7 A000019244 
856 4 |a info a plný text  |u http://is.stuba.sk/zp/portal_zp.pl?podrobnosti=70912  |3 VAIS 
996 |c M*BP-5814  |l MMSKP  |s P  |a 0  |w stu251454_0001